Estudio de prefactibilidad para la instalación de unas salas cinematográficas en el municipio de Masaya

El presente trabajo tiene como propósito evaluar la prefactibilidad de la instalación de salas de cine en el municipio de Masaya, que brindara la oportunidad de recreación que buscan los habitantes de este municipio.

Bibliographic Details
Main Authors: Suárez Pérez, Noel Josué, López Sánchez, Yamil Antonio
Other Authors: Tutor: López Guadamuz, Juan José
Format: Tesis Section = Libro
Language:Undetermined
Spanish
Published: Managua UNI 2013
Subjects:
LEADER 01209nam a2200301Ia 4500
008 240830s9999 xx 000 0 und d
040 |a BIBLIOTECA-RUPAP Mon 658.404 S939 
041 |a spa 
082 |a Mon 658.404 S939 
100 1 |a Suárez Pérez, Noel Josué 
100 1 |b  López Sánchez, Yamil Antonio 
245 1 0 |a Estudio de prefactibilidad para la instalación de unas salas cinematográficas en el municipio de Masaya 
260 |a Managua  |b UNI  |c 2013 
300 |a 132 p. :il. 
500 |a Contiene: anexo, glosario y CD. 
502 |a Tesis (Ingeniero Industrial)- UNI, 2013. 
520 3 |a El presente trabajo tiene como propósito evaluar la prefactibilidad de la instalación de salas de cine en el municipio de Masaya, que brindara la oportunidad de recreación que buscan los habitantes de este municipio. 
650 7 |a ADMINISTRACION DE PROYECTOS 
650 7 |b CINEMATOGRAFIA-PRODUCCION 
650 7 |c INDUSTRIA CINEMATOGRAFICA 
650 7 |d INGENIERIA DE PROYECTO 
650 7 |e ANALISIS FINANCIERO 
650 7 |f ESTUDIO DE MERCADO 
650 7 |g EVALUACION DE PROYECTO 
700 1 |a Tutor:  |b López Guadamuz, Juan José 
942 |c BK  |2 ddc 
991 |a TESIS 
999 |c 17411